000
00210 a2200097 4500
001
30884
100
_a
Fazal Haq
245
_a
Mehboob-e-Khuda
260
_a
Lahore
_b
Qaumi Kutab Khana
_c
090
_c
20779
_d
20779
942
_a
NUST-CAE
_c
M
_c
11979
999
_c
265957
_d
265957